|
|
|
|
| LEADER |
02640nam a2200541 4500 |
| 001 |
978-3-319-78259-1 |
| 003 |
DE-He213 |
| 005 |
20191027142246.0 |
| 007 |
cr nn 008mamaa |
| 008 |
180718s2018 gw | s |||| 0|eng d |
| 020 |
|
|
|a 9783319782591
|9 978-3-319-78259-1
|
| 024 |
7 |
|
|a 10.1007/978-3-319-78259-1
|2 doi
|
| 040 |
|
|
|d GrThAP
|
| 050 |
|
4 |
|a QH506
|
| 072 |
|
7 |
|a MBGR
|2 bicssc
|
| 072 |
|
7 |
|a SCI049000
|2 bisacsh
|
| 072 |
|
7 |
|a MBGR
|2 thema
|
| 072 |
|
7 |
|a PSD
|2 thema
|
| 082 |
0 |
4 |
|a 611.01816
|2 23
|
| 245 |
1 |
0 |
|a Nanomedicine
|h [electronic resource] :
|b Gene Delivery, Imaging and Evaluation Systems /
|c edited by Roderick A. Slavcev, Shawn Wettig, Zhiheng Zeng.
|
| 250 |
|
|
|a 1st ed. 2018.
|
| 264 |
|
1 |
|a Cham :
|b Springer International Publishing :
|b Imprint: Springer,
|c 2018.
|
| 300 |
|
|
|a V, 125 p. 39 illus., 28 illus. in color.
|b online resource.
|
| 336 |
|
|
|a text
|b txt
|2 rdacontent
|
| 337 |
|
|
|a computer
|b c
|2 rdamedia
|
| 338 |
|
|
|a online resource
|b cr
|2 rdacarrier
|
| 347 |
|
|
|a text file
|b PDF
|2 rda
|
| 490 |
1 |
|
|a Experientia Supplementum,
|x 1664-431X ;
|v 110
|
| 505 |
0 |
|
|a Chapter 1. Introduction -- Chapter 2. Non-Viral Gene Delivery -- Chapter 3. Specific Systems for Imaging -- Chapter 4. Specific Systems for Imaging -- Chapter 5. Conclusions and Perspective.
|
| 520 |
|
|
|a This book gives an overview of current nanomedical techniques and applications. It brings together information from various scientific fields, focusing particularly on gene delivery and imaging systems. .
|
| 650 |
|
0 |
|a Molecular biology.
|
| 650 |
|
0 |
|a Gene therapy.
|
| 650 |
|
0 |
|a Biomedical engineering.
|
| 650 |
1 |
4 |
|a Molecular Medicine.
|0 http://scigraph.springernature.com/things/product-market-codes/B1700X
|
| 650 |
2 |
4 |
|a Gene Therapy.
|0 http://scigraph.springernature.com/things/product-market-codes/B12020
|
| 650 |
2 |
4 |
|a Biomedical Engineering/Biotechnology.
|0 http://scigraph.springernature.com/things/product-market-codes/B24000
|
| 700 |
1 |
|
|a Slavcev, Roderick A.
|e editor.
|4 edt
|4 http://id.loc.gov/vocabulary/relators/edt
|
| 700 |
1 |
|
|a Wettig, Shawn.
|e editor.
|4 edt
|4 http://id.loc.gov/vocabulary/relators/edt
|
| 700 |
1 |
|
|a Zeng, Zhiheng.
|e editor.
|4 edt
|4 http://id.loc.gov/vocabulary/relators/edt
|
| 710 |
2 |
|
|a SpringerLink (Online service)
|
| 773 |
0 |
|
|t Springer eBooks
|
| 776 |
0 |
8 |
|i Printed edition:
|z 9783319782584
|
| 776 |
0 |
8 |
|i Printed edition:
|z 9783319782607
|
| 776 |
0 |
8 |
|i Printed edition:
|z 9783030086589
|
| 830 |
|
0 |
|a Experientia Supplementum,
|x 1664-431X ;
|v 110
|
| 856 |
4 |
0 |
|u https://doi.org/10.1007/978-3-319-78259-1
|z Full Text via HEAL-Link
|
| 912 |
|
|
|a ZDB-2-SBL
|
| 950 |
|
|
|a Biomedical and Life Sciences (Springer-11642)
|